Perspectives in engineering optics (Record no. 15647)

MARC details
000 -LEADER
fixed length control field 00536nam a2200169Ia 4500
003 - CONTROL NUMBER IDENTIFIER
control field IN-BaIIA
008 - FIXED-LENGTH DATA ELEMENTS--GENERAL INFORMATION
fixed length control field 211028s9999 xx 000 0 eng d
040 ## - CATALOGING SOURCE
Transcribing agency IIA Library
080 ## - UNIVERSAL DECIMAL CLASSIFICATION NUMBER
Universal Decimal Classification number 535.8
Item number PER
245 #0 - TITLE STATEMENT
Title Perspectives in engineering optics
Statement of responsibility, etc. edited by K. Singh and V. K. Rastogi
260 ## - PUBLICATION, DISTRIBUTION, ETC.
Place of publication, distribution, etc. Delhi
Name of publisher, distributor, etc. Anita Publications
Date of publication, distribution, etc. 2002
300 ## - PHYSICAL DESCRIPTION
Extent 391p.
650 ## - SUBJECT ADDED ENTRY--TOPICAL TERM
Topical term or geographic name entry element Engineering optics
9 (RLIN) 28847
700 ## - ADDED ENTRY--PERSONAL NAME
Personal name Rastogi, V. K., ed.
9 (RLIN) 28848
700 ## - ADDED ENTRY--PERSONAL NAME
Personal name Singh, K., ed.
9 (RLIN) 28849
942 ## - ADDED ENTRY ELEMENTS (KOHA)
Koha item type Books
Holdings
Withdrawn status Lost status Damaged status Not for loan Home library Current library Shelving location Date acquired Total Checkouts Full call number Barcode Date last seen Price effective from Koha item type
        IIA Library-Bangalore IIA Library-Bangalore General Stacks 22/03/2004   535.8/ PER 16569 05/11/2021 22/03/2004 Books

Powered by Koha